logo

Bir Sreshtho Munshi Abdur Rouf Library
Jhenaidah Cadet College

ধাপে ধাপে এসকিউএল সার্ভার ২০১২ / (Record no. 12167)

MARC details
000 -LEADER
fixed length control field 00906nam a2200241 a 4500
001 - CONTROL NUMBER
JCCL Control Number 12167
003 - CONTROL NUMBER IDENTIFIER
JCCL marc code BD-JhCC
005 - DATE AND TIME OF LATEST TRANSACTION
control field 20210322123547.0
008 - FIXED-LENGTH DATA ELEMENTS--GENERAL INFORMATION
fixed length control field 210322s2013 bg a|||| |||| 000 0 ban d
020 ## - INTERNATIONAL STANDARD BOOK NUMBER
International Standard Book Number 9789848980729
035 ## - SYSTEM CONTROL NUMBER
system control number (BD-JhCC)12167
040 ## - CATALOGING SOURCE
Original cataloging agency BD-JhCC
Modifying agency BD-JhCC
041 ## - LANGUAGE CODE
Language code of Book ban
082 ## - DEWEY DECIMAL CLASSIFICATION NUMBER
Classification number 005.8
Author mark and Year CHO 2013
100 ## - MAIN ENTRY--PERSONAL NAME
Personal name চৌধুরী, মো: আনোয়ার হোসেন
245 ## - TITLE STATEMENT
Title ধাপে ধাপে এসকিউএল সার্ভার ২০১২ /
Statement of responsibility, etc মো: আনোয়ার হোসেন চৌধুরী
260 ## - PUBLICATION, DISTRIBUTION, ETC. (IMPRINT)
Place of publication, distribution, etc ঢাকা :
Name of publisher, distributor, etc সিসটেক পাবলিকেশন্স,
Date of publication, distribution, etc ২০১৩.
300 ## - PHYSICAL DESCRIPTION
Pagination ভলিউম ১, ৩০৪ পৃ. :
Other physical details চিত্রাবলী,
Dimensions ২৪ সেমি.
650 ## - SUBJECT ADDED ENTRY--TOPICAL TERM
Topical term or geographic name as entry element SQL server
650 ## - SUBJECT ADDED ENTRY--TOPICAL TERM
Topical term or geographic name as entry element Database security
650 ## - SUBJECT ADDED ENTRY--TOPICAL TERM
Topical term or geographic name as entry element Client/server computing
942 ## - ADDED ENTRY ELEMENTS (KOHA)
Source of classification or shelving scheme Dewey Decimal Classification
Koha item type Books
Holdings
Source of classification or shelving scheme volume number Damaged status Not for loan Home library Current library Shelving location Date of accession Cost, normal purchase price Total Checkouts Full call number Barcode Date last seen Copy number Koha item type
Dewey Decimal Classification V-1     JCC Rouf Library JCC Rouf Library General Stacks 03/22/2021 209.00   005.8 PHP 2013 16407 03/22/2021 C-1 Books

JCC Library | Contacts | JCC Home

Last Update on 23 September 2017
Copyright @ 2017-2020 JCC Rouf Library
Rouf Library, Jhenidah Cadet College (JCC), Bangladesh